| 000 | 00640nam a2200205 a 4500 | ||
|---|---|---|---|
| 005 | 20240927063722.0 | ||
| 008 | 181017s2009 mx r 000 0 spa d | ||
| 020 | _a970628947X | ||
| 035 | _aUPN01000227374 | ||
| 049 | _aCG | ||
| 050 | 4 |
_aHB931 _bC6.4 2009 |
|
| 110 | 2 | _aConsejo Nacional de Población (México) | |
| 245 | 1 | 3 |
_aLa situación demográfica de México 2009 / _cConsejo Nacional de Población. |
| 260 |
_aMéxico : _bCONAPO, _c2009. |
||
| 300 |
_a246 p. : _bcuadros, gráfs., mapas |
||
| 650 | 0 |
_aDemografía _zMéxico _913253 |
|
| 651 | 4 |
_aMéxico _xPoblación _vEstadística _95412 |
|
| 905 | _aLibro | ||
| 999 |
_c199469 _d199469 |
||